Epíscopo y C.

Guardado en:
書目詳細資料
主要作者: Annunzio, Gabriel de
格式: 圖書
語言:Undetermined
出版: Valencia, España F. Sempere 1885
主題:
標簽: 添加標簽
沒有標簽, 成為第一個標記此記錄!

MARC

LEADER 00000nam a2200000Ia 4500
008 170316s9999 xx 000 0 und d
040 |a cru BVZT 
090 |a 862 A-27e 
100 |a Annunzio, Gabriel de 
245 |a Epíscopo y C. 
260 |a Valencia, España 
260 |b F. Sempere 
260 |c 1885 
300 |a 238 páginas 
650 |a LITERATURA ESPAÑOLA 
999 |c 9406  |d 9406 
942 |c 15 D  |h 862 A-27e  |2 z